2012 Song Initials - Statistics

General Stats
  • This quiz has been taken 1,653 times
  • The average score is 12 of 22
Answer Stats
Initials Artist Song's Full Name % Correct
CMM Carly Rae Jepsen Call Me Maybe
94%
GS Psy Gangnam Style
86%
STIUTK Gotye feat. Kimbra Somebody That I Used to Know
81%
WANEGBT Taylor Swift We Are Never Ever Getting Back Together
77%
S_______S Nicki Minaj Starships
75%
P______E Maroon 5 feat. Wiz Khalifa Payphone
71%
T______M David Guetta feat. Sia Titanium
71%
GT Owl City & Carly Rae Jepsen Good Time
66%
L____S Ellie Goulding Lights
64%
WFL Rihanna feat. Calvin Harris We Found Love
64%
POM Katy Perry Part of Me
62%
OMN Maroon 5 One More Night
56%
WHYB Rihanna Where Have You Been
55%
WA Katy Perry Wide Awake
43%
H__E Phillip Phillips Home
41%
GYHAB Demi Lovato Give Your Heart a Break
38%
BM (OLK) P!nk Blow Me (One Last Kiss)
36%
WUB Cher Lloyd Want U Back
36%
S____M Usher Scream
35%
S_____L Adele Skyfall
34%
VVV Nicki Minaj Va Va Voom
34%
PTA Nicki Minaj Pound the Alarm
30%
No matching quizzes found
Score Distribution
Percent of People with Each Score
Percentile by Number Answered
Your Score History
You have not taken this quiz